Tổ chức kế toán quản trị tại công ty cổ phần cơ khí vận tải cao su Dầu Tiếng
Chuyên ngành: Kế toán; Mã số: 83.40.30.1; Ý kiến về việc sao chép tài liệu: đồng ý sao chép 100%; Ý kiến về việc chep file : không đồng ý; TM tài liệu tham khảo sau phần kết luận; Luận văn Thạc sĩ Kế toán trường ĐH Thủ Dầu Một, 2018; Luậ...
Salvato in:
| Autore principale: | |
|---|---|
| Altri autori: | |
| Natura: | Libro |
| Lingua: | Undetermined |
| Pubblicazione: |
Bình Dương
2018
|
| Soggetti: | |
| Accesso online: | http://lrc.tdmu.edu.vn/opac/search/detail.asp?aID=2&ID=36718 |
| Tags: |
Aggiungi Tag
Nessun Tag, puoi essere il primo ad aggiungerne! !
|
| Thư viện lưu trữ: | Trung tâm Học liệu Trường Đại học Thủ Dầu Một |
|---|
| LEADER | 01649nam a2200205Ia 4500 | ||
|---|---|---|---|
| 001 | TDMU_36718 | ||
| 008 | 210410s9999 xx 000 0 und d | ||
| 082 | |a 973 | ||
| 090 | |b TR121 | ||
| 100 | |a Trần, Bích Nữ | ||
| 245 | 0 | |a Tổ chức kế toán quản trị tại công ty cổ phần cơ khí vận tải cao su Dầu Tiếng | |
| 245 | 0 | |c Trần Bích Nữ; PGS.TS.Hà Đức Thạch (hướng dẫn) | |
| 260 | |a Bình Dương | ||
| 260 | |c 2018 | ||
| 300 | |a 80tr | ||
| 520 | |a Chuyên ngành: Kế toán; Mã số: 83.40.30.1; Ý kiến về việc sao chép tài liệu: đồng ý sao chép 100%; Ý kiến về việc chep file : không đồng ý; TM tài liệu tham khảo sau phần kết luận; Luận văn Thạc sĩ Kế toán trường ĐH Thủ Dầu Một, 2018; Luận văn gồm 3 chương. Chương 1 Cơ sở lý luận về kế toán quản trị; Chương 2 Thực trạng kế toán quản trị tại công ty cổ phần cơ khí vận tải cao su Dầu Tiếng; Chương 3 Tỏ chức kế toán quản trị tại công ty cổ phần cơ khí vận tải cao su Dầu Tiếng | ||
| 650 | |a Luận văn; Kế toán quản trị |x Doanh nghiệp |z Bình Dương; Kế toán Quản trị |z Công ty cổ phần cơ khí vận tải Dầu Tiếng | ||
| 700 | |a Hà Xuân Thạch | ||
| 856 | |u http://lrc.tdmu.edu.vn/opac/search/detail.asp?aID=2&ID=36718 | ||
| 980 | |a Trung tâm Học liệu Trường Đại học Thủ Dầu Một | ||